000 00903nam a2200217 4500
999 _c3624
_d3624
020 _a9781580620055
022 _a045079200050
050 _aHG4028
_b.V3T82
100 _a Lawrence W Tuller
245 _aSmall business valuation book :
_b easy-to-use techniques for determining fair price, resolving disputes, and minimizing taxes
_c Lawrence W. Tuller.
260 _aHolbrook, Mass. :
_b Adams Media Corp.,
_c[©1994]
300 _a303 pages :
_billustrations, forms ;
_c 23 cm.
440 _a Adams business advisor.
500 _aIncludes index
505 _aPart I. Business valuation principles Part II. Valuations for special situations Part III. Valuations for special types of companies
650 _a Small business --
_x Valuation.
650 _aUnited States --
_x Handbooks,
650 _amanuals, etc.
650 _aSmall business --
_x Valuation.
942 _cBK